Collectie P. de Boer (Record no. 5335)

MARC details
000 -CABECERA
campo de control de longitud fija 00660nam a2200229 a 4500
001 - NÚMERO DE CONTROL
campo de control BRCA_5641
005 - FECHA Y HORA DE LA ÚLTIMA TRANSACCIÓN
campo de control 20190320205150.0
008 - DATOS DE LONGITUD FIJA--INFORMACIÓN GENERAL
campo de control de longitud fija 220211s1930----ne-a######---#000-0#dut-#
041 ## - CÓDIGO DE LENGUA
Código de lengua del texto/banda sonora o título independiente dut
044 ## - CÓDIGO DEL PAÍS DE LA ENTIDAD EDITORA/PRODUCTORA
Código MARC del país ne
050 #4 - SIGNATURA TOPOGRÁFICA DE LA BIBLIOTECA DEL CONGRESO
Número de clasificación ND195
Número de documento/Ítem .C65 1930
245 10 - MENCIÓN DE TÍTULO
Título Collectie P. de Boer
Resto del título Catalogus No. 2
Mención de responsabilidad, etc. Galerie Hans Bammann.
260 ## - PUBLICACIÓN, DISTRIBUCIÓN, ETC.
Lugar de publicación, distribución, etc. Amsterdam
Nombre del editor, distribuidor, etc. Heerengracht
Fecha de publicación, distribución, etc. 1930
300 ## - DESCRIPCIÓN FÍSICA
Extensión 1 v. (sin paginación)
Otras características físicas il., 76 láminas
Dimensiones 36 cm.
500 ## - NOTA GENERAL
Nota general F119
650 14 - PUNTO DE ACCESO ADICIONAL DE MATERIA--TÉRMINO DE MATERIA
Término de materia o nombre geográfico como elemento de entrada Pintura
Subdivisión geográfica Alemania
9 (RLIN) 14348
650 14 - PUNTO DE ACCESO ADICIONAL DE MATERIA--TÉRMINO DE MATERIA
Término de materia o nombre geográfico como elemento de entrada Coleccionistas y colecciones
9 (RLIN) 14349
650 14 - PUNTO DE ACCESO ADICIONAL DE MATERIA--TÉRMINO DE MATERIA
Término de materia o nombre geográfico como elemento de entrada Galerías y museos
9 (RLIN) 14022
710 2# - PUNTO DE ACCESO ADICIONAL--NOMBRE DE ENTIDAD CORPORATIVA
Nombre de entidad corporativa o nombre de jurisdicción como elemento de entrada Galerie Hans Bammann
9 (RLIN) 14350
902 ## - CATALOGADOR
Iniciales GFM
942 ## - ELEMENTOS DE PUNTO DE ACCESO ADICIONAL (KOHA)
Fuente del sistema de clasificación o colocación Library of Congress Classification
Tipo de ítem Koha Libros
Holdings
Estado de retiro Estado de pérdida Estado dañado No para préstamo Localización permanente Ubicación/localización actual Fecha de adquisición Número de inventario Total de préstamos Signatura topográfica completa Código de barras Fecha visto por última vez Precio válido a partir de Tipo de ítem Koha
El ejemplar forma parte de la colección y puede ser consultado según las políticas vigentes.       Biblioteca del Museo Franz Mayer (Rogerio Casas-Alatriste) Biblioteca del Museo Franz Mayer (Rogerio Casas-Alatriste) 15/02/2011 F119   ND195 .C65 1930 (F119) 6077 22/03/2019 22/03/2019 Libros